[Event "10th European Teams w"]
[Site "Warsaw POL"]
[Date "2013.11.08"]
[Round "1.1"]
[White "Mammadova, Gulnar"]
[Black "Lagno, Kateryna"]
[Result "0-1"]
[WhiteTitle "WGM"]
[BlackTitle "GM"]
[WhiteElo "2354"]
[BlackElo "2542"]
[WhiteTeam "Azerbaijan"]
[BlackTeam "Ukraine"]
[WhiteFideId "13403508"]
[BlackFideId "14109336"]
[EventDate "2013.11.08"]

1. e4 c5 2. Nf3 e6 3. b3 b6 4. c4 Bb7 5. Nc3 Nc6 6. g3 Nf6 7. Bg2 Be7 8. O-O d6
9. d4 cxd4 10. Nxd4 Rc8 11. Ba3 a6 12. Rc1 Nxd4 13. Qxd4 e5 14. Qd2 O-O 15. Rfd1
b5 16. cxb5 axb5 17. Nxb5 Nxe4 18. Rxc8 Qxc8 19. Qe2 Qa8 20. Nc7 Nc3 21. Qc2
Qxa3 22. Qxc3 Bxg2 23. Kxg2 Rc8 24. Qc6 Bf8 25. Qb7 Rd8 26. Rd2 Qc1 27. Qd5 Qxc7
28. b4 Qb6 29. b5 Qa5 30. Rc2 Rb8 31. Rb2 Be7 32. Qc6 Qa4 33. f3 Qa3 34. Rc2 Qa7
35. a3 g6 36. Ra2 Kg7 37. a4 Qa5 38. h4 h5 39. Qd7 Bf6 40. Qxd6 Rxb5 0-1

[Event "10th European Teams w"]
[Site "Warsaw POL"]
[Date "2013.11.08"]
[Round "1.1"]
[White "Ushenina, Anna"]
[Black "Mamedjarova, Zeinab"]
[Result "1-0"]
[WhiteTitle "GM"]
[BlackTitle "WGM"]
[WhiteElo "2492"]
[BlackElo "2236"]
[WhiteTeam "Ukraine"]
[BlackTeam "Azerbaijan"]
[WhiteFideId "14110911"]
[BlackFideId "13401521"]
[EventDate "2013.11.08"]

1. d4 d5 2. c4 e6 3. Nf3 f5 4. Bf4 Nf6 5. Nc3 c6 6. e3 Be7 7. Bd3 O-O 8. Qc2
dxc4 9. Bxc4 Nd5 10. Bg3 Nd7 11. O-O N7f6 12. Bb3 Bd7 13. Ne5 g5 14. Rfe1 Be8
15. f3 Kg7 16. Bf2 f4 17. exf4 Nxf4 18. Ne2 N6d5 19. Nxf4 gxf4 20. Qe4 Rf5 21.
Nd3 Bd7 22. Nc5 Bxc5 23. dxc5 Kf7 24. g4 fxg3 25. hxg3 Qg5 26. Bc2 Rg8 27. Rad1
Qh6 28. Rd4 Rg7 29. Kf1 Rh5 30. f4 Rh2 31. Qf3 b6 32. Kg1 bxc5 33. Ra4 a5 34.
Re5 Rh4 35. Rg5 Rh3 36. Rxa5 Qf6 37. Rxg7+ Qxg7 38. Ra7 Qxb2 39. Kg2 Rh6 40.
Rxd7+ Ke8 41. Rxh7 Rxh7 42. Bxh7 c4 43. a4 c3 44. Qe4 Kd7 45. a5 Qd2 46. Qd4 Qe2
47. Qd3 Qxd3 48. Bxd3 Nb4 49. Bc4 1-0

[Event "10th European Teams w"]
[Site "Warsaw POL"]
[Date "2013.11.08"]
[Round "1.1"]
[White "Abdulla, Khayala"]
[Black "Muzychuk, Mariya"]
[Result "0-1"]
[WhiteTitle "WIM"]
[BlackTitle "IM"]
[WhiteElo "2255"]
[BlackElo "2491"]
[WhiteTeam "Azerbaijan"]
[BlackTeam "Ukraine"]
[WhiteFideId "13401807"]
[BlackFideId "14114550"]
[EventDate "2013.11.08"]

1. e4 c5 2. Nf3 Nc6 3. d4 cxd4 4. Nxd4 Nf6 5. Nc3 e5 6. Ndb5 d6 7. Bg5 a6 8. Na3
b5 9. Nd5 Be7 10. Bxf6 Bxf6 11. c4 b4 12. Nc2 a5 13. g3 O-O 14. h4 Be6 15. Bh3
Ra7 16. Kf1 Bxd5 17. Qxd5 Qb6 18. Qd3 Qc5 19. Kg2 Bd8 20. Rad1 Bb6 21. Rhf1 a4
22. Ne3 Nd4 23. Nd5 b3 24. a3 Qc6 25. f4 Nc2 26. Qe2 Bd4 27. Rb1 Ne3+ 28. Nxe3
Qxe4+ 29. Qf3 Qxe3 30. Qxe3 Bxe3 31. Kf3 Bd4 32. Ke4 Rc7 33. Kd3 g6 34. Bg2 f5
35. Bd5+ Kg7 36. Rfd1 Bf2 37. fxe5 dxe5 38. h5 Bxg3 39. Rf1 Re8 40. hxg6 hxg6
41. Rg1 e4+ 42. Ke2 Be5 43. Ke3 Rh8 44. Rg2 Rh3+ 45. Kd2 Bd4 46. Ke2 f4 47. Kd2
f3 0-1

[Event "10th European Teams w"]
[Site "Warsaw POL"]
[Date "2013.11.08"]
[Round "1.1"]
[White "Zhukova, Natalia"]
[Black "Umudova, Nargiz"]
[Result "0-1"]
[WhiteTitle "GM"]
[BlackTitle "WIM"]
[WhiteElo "2466"]
[BlackElo "2253"]
[WhiteTeam "Ukraine"]
[BlackTeam "Azerbaijan"]
[WhiteFideId "14101513"]
[BlackFideId "13402137"]
[EventDate "2013.11.08"]

1. d4 Nf6 2. Nf3 e6 3. c4 Bb4+ 4. Nbd2 d5 5. Qa4+ Nc6 6. a3 Bxd2+ 7. Bxd2 O-O 8.
e3 Ne4 9. Rd1 Bd7 10. Qc2 a5 11. Bd3 f5 12. O-O Rf6 13. Ne5 Nxe5 14. dxe5 Rh6
15. g3 Qg5 16. Be2 Bc6 17. f4 Qg6 18. Be1 dxc4 19. Bf3 Bd5 20. Rd4 b5 21. a4 c5
22. Rd1 b4 23. Qg2 Rb8 24. h3 c3 25. g4 cxb2 26. g5 Rh5 27. Rb1 Qe8 28. Rxb2 c4
29. Rb1 c3 30. Rc1 g6 31. Kh2 Kg7 32. Rg1 Rd8 33. Bxh5 gxh5 34. Qe2 Kg6 35. Qa6
Qxa4 36. Qb6 Ra8 37. Rg2 Qc6 38. Qd4 Nc5 39. Bxc3 Nb3 0-1

[Event "10th European Teams w"]
[Site "Warsaw POL"]
[Date "2013.11.08"]
[Round "1.2"]
[White "Gunina, Valentina"]
[Black "Kulovana, Eva"]
[Result "1-0"]
[WhiteTitle "GM"]
[BlackTitle "WGM"]
[WhiteElo "2509"]
[BlackElo "2263"]
[WhiteTeam "Russia"]
[BlackTeam "Czech Republic"]
[WhiteFideId "4167570"]
[BlackFideId "318779"]
[EventDate "2013.11.08"]

1. d4 d5 2. c4 c6 3. Nf3 Nf6 4. Nc3 a6 5. Ne5 dxc4 6. Nxc4 e6 7. Bf4 b5 8. Ne5
Bb7 9. e3 Nbd7 10. Qf3 Qb6 11. Nxd7 Nxd7 12. Bd3 c5 13. Be4 Bxe4 14. Nxe4 Rc8
15. O-O f5 16. Ng5 Be7 17. Qh5+ g6 18. Qh6 Bf8 19. Qh3 Bg7 20. dxc5 Nxc5 21.
Rad1 e5 22. Bg3 h6 23. Nf3 Qe6 24. Nd2 O-O 25. b4 Na4 26. Nb3 Rc6 27. f3 Nc3 28.
Rd2 Nxa2 29. Nc5 Qc4 30. Nd7 Re8 31. Nxe5 Bxe5 32. Bxe5 Rxe5 33. Rd8+ Kf7 34.
Qxh6 Re7 35. Rfd1 Kf6 36. Qh8+ Ke6 37. Rf8 Rf7 38. Rxf7 Kxf7 39. Rd7+ Ke6 40.
Qe8+ Kf6 41. Qe7# 1-0

[Event "10th European Teams w"]
[Site "Warsaw POL"]
[Date "2013.11.08"]
[Round "1.2"]
[White "Havlikova, Kristyna"]
[Black "Kosteniuk, Alexandra"]
[Result "0-1"]
[WhiteTitle "WIM"]
[BlackTitle "GM"]
[WhiteElo "2237"]
[BlackElo "2510"]
[WhiteTeam "Czech Republic"]
[BlackTeam "Russia"]
[WhiteFideId "309672"]
[BlackFideId "4128125"]
[EventDate "2013.11.08"]

1. e4 c5 2. Nf3 Nc6 3. d4 cxd4 4. Nxd4 Nf6 5. Nc3 d6 6. Bg5 e6 7. Qd2 a6 8.
O-O-O h6 9. Be3 Bd7 10. f3 b5 11. Nxc6 Bxc6 12. Ne2 Bb7 13. Nd4 Qc7 14. Kb1 Rc8
15. Bd3 Nd7 16. g4 g6 17. h4 Ne5 18. g5 h5 19. Rhe1 Be7 20. Bg1 O-O 21. Qe2 Nc4
22. c3 e5 23. Nc2 d5 24. exd5 Bd6 25. Ne3 Nb6 26. Qc2 Rfd8 27. Be4 a5 28. Qd3
Ba6 29. Rc1 Na4 30. Ng2 Rb8 31. Qc2 Rdc8 32. Qb3 Qd7 33. Red1 b4 34. c4 Nc3+ 35.
Rxc3 bxc3 36. Qxc3 Rxc4 37. Qxa5 Ra4 38. Qd2 Bc4 39. b3 Bxb3 40. axb3 Rxb3+ 41.
Kc2 Rc4+ 0-1

[Event "10th European Teams w"]
[Site "Warsaw POL"]
[Date "2013.11.08"]
[Round "1.2"]
[White "Pogonina, Natalija"]
[Black "Olsarova, Karolina"]
[Result "1-0"]
[WhiteTitle "WGM"]
[BlackTitle "WIM"]
[WhiteElo "2499"]
[BlackElo "2275"]
[WhiteTeam "Russia"]
[BlackTeam "Czech Republic"]
[WhiteFideId "4147855"]
[BlackFideId "320242"]
[EventDate "2013.11.08"]

1. d4 Nf6 2. c4 e6 3. Nf3 Bb4+ 4. Nbd2 b6 5. a3 Bxd2+ 6. Qxd2 Bb7 7. e3 O-O 8.
Be2 Ne4 9. Qc2 d5 10. O-O Nd7 11. b4 Ndf6 12. c5 a6 13. Ne5 bxc5 14. bxc5 Ne8
15. Rb1 f6 16. Rxb7 fxe5 17. f3 N4f6 18. dxe5 Nd7 19. Bb2 Qc8 20. c6 Nb6 21. Bd4
Qd8 22. Bd3 Qh4 23. Bc5 Qh6 24. Bxh7+ Qxh7 25. Qxh7+ Kxh7 26. Bxf8 Nc4 27. Rfb1
Kg8 28. Bc5 Nxe5 29. Rb8 Rxb8 30. Rxb8 Kf7 31. Ra8 1-0

[Event "10th European Teams w"]
[Site "Warsaw POL"]
[Date "2013.11.08"]
[Round "1.2"]
[White "Olsarova, Tereza"]
[Black "Goryachkina, Aleksandra"]
[Result "1-0"]
[WhiteTitle "WIM"]
[BlackTitle "WGM"]
[WhiteElo "2248"]
[BlackElo "2438"]
[WhiteTeam "Czech Republic"]
[BlackTeam "Russia"]
[WhiteFideId "325449"]
[BlackFideId "4147103"]
[EventDate "2013.11.08"]

1. e4 c5 2. Nf3 Nc6 3. d4 cxd4 4. Nxd4 Nf6 5. Nc3 e5 6. Ndb5 d6 7. Bg5 a6 8. Na3
b5 9. Bxf6 gxf6 10. Nd5 Bg7 11. Bd3 Ne7 12. Nxe7 Qxe7 13. O-O O-O 14. Qf3 Qb7
15. c4 f5 16. Qe2 d5 17. cxd5 fxe4 18. Bxe4 f5 19. Bc2 e4 20. Bb3 Bd7 21. Rad1
Qb6 22. Qe3 Qd6 23. Nc2 Rae8 24. f4 Bxb2 25. Nd4 Bxd4 26. Qxd4 a5 27. Rc1 Rf6
28. a3 e3 29. g3 Re4 30. Qa7 a4 31. Rc7 e2 32. Rxd7 Qb6+ 33. Qxb6 exf1=Q+ 34.
Kxf1 Rxb6 35. Bc2 Re3 36. Bxf5 b4 37. axb4 a3 38. Ra7 Rc3 39. Kg2 Kf8 40. Be6
Rd3 41. f5 Rd2+ 42. Kf3 Rxb4 43. f6 Rd3+ 44. Ke2 Rdb3 45. Rxh7 Rb2+ 46. Kf3 1-0

[Event "10th European Teams w"]
[Site "Warsaw POL"]
[Date "2013.11.08"]
[Round "1.3"]
[White "Moser, Eva"]
[Black "Dzagnidze, Nana"]
[Result "0-1"]
[WhiteTitle "IM"]
[BlackTitle "GM"]
[WhiteElo "2434"]
[BlackElo "2556"]
[WhiteTeam "Austria"]
[BlackTeam "Georgia"]
[WhiteFideId "1607456"]
[BlackFideId "13601903"]
[EventDate "2013.11.08"]

1. e4 c5 2. c3 e6 3. d4 d5 4. exd5 exd5 5. Nf3 Nc6 6. Bb5 Bd6 7. dxc5 Bxc5 8.
O-O Ne7 9. Nbd2 O-O 10. Nb3 Bd6 11. Be3 Nf5 12. Bc5 Be6 13. Re1 Re8 14. Bxd6
Nxd6 15. Bxc6 bxc6 16. Nfd4 Qb6 17. Nxe6 fxe6 18. Qd4 Nc4 19. Rab1 e5 20. Qd1
Re6 21. Nd2 Rf8 22. Nxc4 Qxf2+ 23. Kh1 dxc4 24. Qg4 Rg6 25. Qxc4+ Kh8 26. Rg1
Qc2 27. Qb4 Rgf6 28. Rbe1 Rf4 29. Qb3 Qf2 30. h3 e4 31. c4 h6 32. Qc3 c5 33. Qe5
Qd4 34. Qe7 R8f7 35. Qe8+ Kh7 36. b3 R7f5 37. Rd1 Qf6 38. Rd5 Qg6 39. Qxg6+ Kxg6
40. Kh2 Rf2 41. Re1 Rxd5 42. cxd5 Kf5 43. Rc1 Ke5 44. Rxc5 Rf7 45. d6+ Kxd6 46.
b4 e3 47. Rc2 Kd5 48. Kg1 Kd4 49. Rc8 e2 0-1

[Event "10th European Teams w"]
[Site "Warsaw POL"]
[Date "2013.11.08"]
[Round "1.3"]
[White "Arabidze, Meri"]
[Black "Newrkla, Katharina"]
[Result "1/2-1/2"]
[WhiteTitle "WGM"]
[BlackTitle "WFM"]
[WhiteElo "2374"]
[BlackElo "2173"]
[WhiteTeam "Georgia"]
[BlackTeam "Austria"]
[WhiteFideId "13604040"]
[BlackFideId "1621629"]
[EventDate "2013.11.08"]

1. d4 d5 2. c4 c6 3. Nf3 Nf6 4. Nc3 dxc4 5. a4 Bf5 6. Ne5 Nbd7 7. Nxc4 Nb6 8.
Ne5 a5 9. f3 Nfd7 10. e4 Nxe5 11. dxe5 Qxd1+ 12. Kxd1 Be6 13. Kc2 Nd7 14. f4 g6
15. Ne2 Bc4 16. b3 Ba6 17. e6 Nc5 18. exf7+ Kxf7 19. Nc3 Bg7 20. e5 Rhd8 21. Ba3
Nd3 22. Be2 Rd4 23. g3 Rad8 24. Rhd1 Nb4+ 25. Bxb4 axb4 26. Rxd4 Rxd4 27. Bxa6
bxa6 28. Rd1 Rxd1 29. Nxd1 g5 30. Kd3 e6 31. Ke4 gxf4 32. gxf4 Bf8 33. Ne3 Bc5
34. Nc4 Bg1 35. h3 Kg6 36. Nd6 c5 37. Nc4 Bd4 38. Nd6 Bg1 39. a5 Bf2 40. Kf3 Bh4
41. Ke4 Bd8 42. Nc4 Bh4 43. Nb6 Bd8 44. Nc4 Bh4 45. Nb6 Bd8 1/2-1/2

[Event "10th European Teams w"]
[Site "Warsaw POL"]
[Date "2013.11.08"]
[Round "1.3"]
[White "Kopinits, Anna-Christina"]
[Black "Khurtsidze, Nino"]
[Result "0-1"]
[WhiteTitle "WIM"]
[BlackTitle "IM"]
[WhiteElo "2263"]
[BlackElo "2462"]
[WhiteTeam "Austria"]
[BlackTeam "Georgia"]
[WhiteFideId "1614142"]
[BlackFideId "13600320"]
[EventDate "2013.11.08"]

1. e4 c5 2. Nf3 e6 3. d4 cxd4 4. Nxd4 a6 5. Nc3 b5 6. Bd3 d6 7. O-O Nf6 8. Re1
Be7 9. Qf3 Bb7 10. Qg3 O-O 11. Bh6 Ne8 12. Rad1 Bh4 13. Qg4 Nd7 14. Nf3 Bf6 15.
Rd2 Bxc3 16. bxc3 Rc8 17. e5 Bxf3 18. gxf3 Nxe5 19. Rxe5 dxe5 20. Bxh7+ Kxh7 21.
Rxd8 Rxd8 22. Be3 Nf6 23. Qg5 Rd5 24. c4 bxc4 25. Qh4+ Kg8 26. Qxc4 Rd1+ 27. Kg2
Nd5 28. a4 Nxe3+ 29. fxe3 Rfd8 30. f4 exf4 31. exf4 a5 32. Qc7 R8d2+ 33. Kf3 Rc1
34. Qxa5 Rcxc2 35. Ke3 Rd5 36. Qb4 g6 37. h4 Rcc5 38. Qb8+ Kg7 39. Qb2+ Kh7 40.
Qf6 Kg8 41. Qb2 Rc8 42. Qb7 Rc3+ 43. Ke2 Rc4 44. Qb3 Rcc5 45. Qb8+ Kh7 46. Qb7
Rf5 47. Ke3 Rc3+ 48. Kd2 Rcc5 49. Ke3 Ra5 50. Qd7 Ra8 51. Qc6 Rfa5 52. f5 exf5
53. Kf4 Rxa4+ 54. Kg5 f6+ 55. Kxf6 R4a6 0-1

[Event "10th European Teams w"]
[Site "Warsaw POL"]
[Date "2013.11.08"]
[Round "1.3"]
[White "Khotenashvili, Bela"]
[Black "Exler, Veronika"]
[Result "1-0"]
[WhiteTitle "IM"]
[BlackTitle "WFM"]
[WhiteElo "2524"]
[BlackElo "2147"]
[WhiteTeam "Georgia"]
[BlackTeam "Austria"]
[WhiteFideId "13602640"]
[BlackFideId "1620550"]
[EventDate "2013.11.08"]

1. d4 d5 2. c4 c6 3. Nf3 Nf6 4. e3 Bf5 5. Nc3 e6 6. Nh4 Be4 7. f3 Bg6 8. Qb3 Qc7
9. Bd2 Nbd7 10. O-O-O dxc4 11. Bxc4 b5 12. Be2 a5 13. Nxg6 hxg6 14. Qc2 Qb6 15.
Kb1 a4 16. e4 a3 17. d5 cxd5 18. exd5 Nxd5 19. Nxd5 exd5 20. Qb3 Rb8 21. Rhe1
Be7 22. Bf4 Rb7 23. Rxd5 Nc5 24. Bxb5+ Qxb5 25. Rxe7+ Kxe7 26. Qe3+ Ne6 27.
Qxa3+ Nc5 28. Rxc5 Qb4 29. Qe3+ Kd8 30. Qd3+ Rd7 31. Bc7+ Kc8 32. Qa6+ Qb7 33.
Bd6+ Kd8 34. Qa5+ Ke8 35. Re5+ 1-0

[Event "10th European Teams w"]
[Site "Warsaw POL"]
[Date "2013.11.08"]
[Round "1.4"]
[White "Socko, Monika"]
[Black "Sedina, Elena"]
[Result "1-0"]
[WhiteTitle "GM"]
[BlackTitle "IM"]
[WhiteElo "2431"]
[BlackElo "2302"]
[WhiteTeam "Poland"]
[BlackTeam "Italy"]
[WhiteFideId "1106619"]
[BlackFideId "812153"]
[EventDate "2013.11.08"]

1. e4 e6 2. d4 d5 3. e5 c5 4. c3 Qb6 5. Nf3 Nc6 6. Be2 cxd4 7. cxd4 Nh6 8. Bd3
Bd7 9. Bc2 Nf5 10. Bxf5 exf5 11. O-O Be7 12. Nc3 Be6 13. Ne2 h6 14. h4 O-O 15.
b3 Rfc8 16. Bb2 a5 17. a3 g5 18. hxg5 hxg5 19. g3 a4 20. b4 g4 21. Ne1 Na5 22.
Nd3 Nb3 23. Ra2 Qb5 24. Bc3 Qc4 25. Rb2 b6 26. Ndf4 Bg5 27. Rc2 Bxf4 28. gxf4
Qb5 29. Kg2 Rc4 30. Rh1 Rac8 31. Rh5 Kf8 32. Qd3 Qd7 33. b5 Qxb5 34. Qg3 Ke8 35.
Qh4 Kd7 36. Qf6 Rxc3 37. Rxc3 Qxe2 38. Rxc8 Qf3+ 39. Kg1 Qd1+ 40. Kh2 Kxc8 41.
Rh8+ Kb7 42. Qe7+ Ka6 43. Ra8+ Kb5 44. Qb4+ Kc6 45. Qxa4+ Kb7 46. Ra7+ Kb8 47.
Qa6 g3+ 48. Kg2 1-0

[Event "10th European Teams w"]
[Site "Warsaw POL"]
[Date "2013.11.08"]
[Round "1.4"]
[White "Zimina, Olga"]
[Black "Zawadzka, Jolanta"]
[Result "0-1"]
[WhiteTitle "IM"]
[BlackTitle "WGM"]
[WhiteElo "2338"]
[BlackElo "2383"]
[WhiteTeam "Italy"]
[BlackTeam "Poland"]
[WhiteFideId "4132190"]
[BlackFideId "1122320"]
[EventDate "2013.11.08"]

1. Nf3 d5 2. c4 c6 3. g3 Bg4 4. Qb3 Bxf3 5. exf3 Qd7 6. d4 e6 7. Nc3 Nf6 8. c5
Be7 9. Bd3 O-O 10. O-O Qc8 11. Qc2 Nbd7 12. Bf4 Re8 13. b4 g6 14. Rfe1 a5 15. b5
Nh5 16. Bh6 Bf6 17. bxc6 bxc6 18. Ne2 e5 19. Be3 Ng7 20. Rab1 Ne6 21. dxe5 Nxe5
22. Kg2 Qd7 23. Red1 Rab8 24. f4 Nxd3 25. Qxd3 Rxb1 26. Qxb1 Nxc5 27. Qb6 Na4
28. Qa6 Qe6 29. Nd4 Qe4+ 30. Kg1 Nb2 31. Re1 Bxd4 32. Bd2 Bxf2+ 33. Kxf2 Nd3+
34. Qxd3 Qxd3 35. Rxe8+ Kg7 36. Bxa5 Qc2+ 37. Kf3 d4 38. g4 Qxh2 39. g5 Qh3+ 40.
Kf2 Qd7 41. Ra8 Qb7 42. Re8 Qb2+ 43. Re2 Qb8 44. Kg3 h6 45. gxh6+ Kxh6 46. Re7
Qb2 47. Bd8 Qa3+ 48. Kf2 Qd6 49. Re8 Qxf4+ 50. Ke2 Qg4+ 51. Kd3 Qd7 0-1

[Event "10th European Teams w"]
[Site "Warsaw POL"]
[Date "2013.11.08"]
[Round "1.4"]
[White "Majdan-Gajewska, Joanna"]
[Black "Brunello, Marina"]
[Result "1/2-1/2"]
[WhiteTitle "WGM"]
[BlackTitle "WIM"]
[WhiteElo "2420"]
[BlackElo "2248"]
[WhiteTeam "Poland"]
[BlackTeam "Italy"]
[WhiteFideId "1121979"]
[BlackFideId "822590"]
[EventDate "2013.11.08"]

1. e4 c5 2. Nf3 d6 3. d4 cxd4 4. Nxd4 Nf6 5. Nc3 a6 6. Bg5 Nbd7 7. a4 Qc7 8. a5
e6 9. Be2 Be7 10. O-O O-O 11. Nb3 b5 12. axb6 Qxb6 13. Be3 Qb8 14. Na5 Qc7 15.
Qd4 Rb8 16. Rfb1 Ne5 17. Qa7 Qxa7 18. Bxa7 Ra8 19. Bd4 Bd8 20. f4 Bxa5 21. Rxa5
Nc6 22. Ra4 Nxd4 23. Rxd4 Bb7 24. Rxd6 Nxe4 25. Nxe4 Bxe4 26. Rxa6 Bxc2 27. Rc1
Bb3 28. Rxa8 Rxa8 29. Rc3 Rb8 30. Kf2 Kf8 31. Bd3 Ba2 32. Ke3 Rxb2 33. Rc8+ Ke7
34. Rc7+ Ke8 35. Bxh7 g6 36. g4 Rxh2 37. Bg8 e5 38. f5 g5 39. f6 Rh6 40. Ra7 Be6
41. Ra8+ Kd7 42. Ra7+ Kd6 43. Bxf7 Bxf7 44. Rxf7 Ke6 45. Ra7 Rxf6 46. Rg7 Rf4
47. Rxg5 Ra4 48. Rg8 Ra3+ 1/2-1/2

[Event "10th European Teams w"]
[Site "Warsaw POL"]
[Date "2013.11.08"]
[Round "1.4"]
[White "Gueci, Tea"]
[Black "Szczepkowska-Horowska, Karina"]
[Result "0-1"]
[BlackTitle "WGM"]
[WhiteElo "2056"]
[BlackElo "2382"]
[WhiteTeam "Italy"]
[BlackTeam "Poland"]
[WhiteFideId "872342"]
[BlackFideId "1122681"]
[EventDate "2013.11.08"]

1. e4 g6 2. d4 d6 3. Nc3 Bg7 4. Nf3 a6 5. h3 b5 6. Bf4 Bb7 7. Bd3 Nd7 8. a4 b4
9. Ne2 e5 10. Be3 exd4 11. Bxd4 Ngf6 12. Ng3 O-O 13. O-O Re8 14. Nd2 c5 15. Be3
d5 16. exd5 Nxd5 17. Nc4 Qc7 18. Bd2 Ne5 19. Ra2 a5 20. Ne2 Rad8 21. Nxe5 Bxe5
22. Bb5 Re6 23. Qc1 c4 24. Re1 c3 25. bxc3 bxc3 26. Bg5 f6 27. Bh6 Qc5 28. Rd1
Red6 29. Ra1 g5 30. h4 gxh4 31. Rd3 Kh8 32. Kf1 Nb4 33. Rh3 Qd5 34. f3 Rg8 35.
Nf4 Qc5 36. Nd3 Nxd3 37. Bxd3 Bg3 38. Bf4 Qf2# 0-1

[Event "10th European Teams w"]
[Site "Warsaw POL"]
[Date "2013.11.08"]
[Round "1.5"]
[White "Botsari, Anna-Maria"]
[Black "Paehtz, Elisabeth"]
[Result "1/2-1/2"]
[WhiteTitle "WGM"]
[BlackTitle "IM"]
[WhiteElo "2338"]
[BlackElo "2449"]
[WhiteTeam "Greece"]
[BlackTeam "Germany"]
[WhiteFideId "4200446"]
[BlackFideId "4641833"]
[EventDate "2013.11.08"]

1. d4 e6 2. c4 b6 3. a3 Bb7 4. Nc3 f5 5. d5 Nf6 6. g3 Bd6 7. Bg2 O-O 8. Nf3 Na6
9. b4 c6 10. dxc6 dxc6 11. O-O Qe7 12. Ra2 c5 13. b5 Nc7 14. Rd2 Nce8 15. Bb2
Bc7 16. Qb3 g6 17. Rfd1 Ng7 18. Ne1 Bxg2 19. Nxg2 Rad8 20. f3 Rxd2 21. Rxd2 Rd8
22. Qd1 Rxd2 23. Qxd2 Qd7 24. Qxd7 Nxd7 25. f4 Ne8 26. e4 Nd6 27. exf5 gxf5 28.
Ne3 Bd8 29. Ncd1 Kf7 30. Nf2 Bf6 31. Bxf6 Nxf6 32. Kf1 h5 33. Nd3 Nd7 34. Ke2
Ne4 35. Ne1 Kf6 36. Nf3 Nc3+ 37. Kd3 Ne4 38. Nf1 Nf2+ 39. Ke2 Ne4 40. Kd3 Nf2+ 1/2-1/2

[Event "10th European Teams w"]
[Site "Warsaw POL"]
[Date "2013.11.08"]
[Round "1.5"]
[White "Schleining, Zoya"]
[Black "Pavlidou, Ekaterini"]
[Result "1/2-1/2"]
[WhiteTitle "WGM"]
[BlackTitle "WIM"]
[WhiteElo "2379"]
[BlackElo "2199"]
[WhiteTeam "Germany"]
[BlackTeam "Greece"]
[WhiteFideId "4671660"]
[BlackFideId "4213262"]
[EventDate "2013.11.08"]

1. Nf3 Nf6 2. c4 c5 3. Nc3 Nc6 4. d4 cxd4 5. Nxd4 g6 6. e4 d6 7. Nc2 Bg7 8. Be2
O-O 9. O-O Be6 10. Be3 Ne5 11. b3 a5 12. f3 Ne8 13. Qd2 a4 14. Rab1 axb3 15.
axb3 Bh8 16. Nd5 Bxd5 17. cxd5 Ra2 18. Rfc1 Nd7 19. Bc4 Qc8 20. Qe1 Bb2 21. Rd1
b5 22. Nb4 bxc4 23. Nxa2 c3 24. Bd4 c2 25. Rxb2 cxd1=Q 26. Qxd1 Qb7 27. Qd2 f5
28. Qb4 Qa6 29. Qc4 Qxc4 30. bxc4 fxe4 31. fxe4 Nef6 32. Nb4 Nxe4 33. Nc6 Ra8
34. Re2 Ndc5 35. h3 Ra4 36. Bxc5 Nxc5 37. Nxe7+ Kf8 38. Nc8 Rxc4 39. Re8+ Kxe8
40. Nxd6+ Ke7 41. Nxc4 Ne4 42. Kh2 Nf6 43. d6+ Ke6 44. Kg3 Kd5 45. Ne3+ Kxd6 46.
Kf4 h6 47. g4 1/2-1/2

[Event "10th European Teams w"]
[Site "Warsaw POL"]
[Date "2013.11.08"]
[Round "1.5"]
[White "Makropoulou, Marina"]
[Black "Kachiani-Gersinska, Ketino"]
[Result "1/2-1/2"]
[WhiteTitle "WGM"]
[BlackTitle "IM"]
[WhiteElo "2234"]
[BlackElo "2365"]
[WhiteTeam "Greece"]
[BlackTeam "Germany"]
[WhiteFideId "4200187"]
[BlackFideId "4623614"]
[EventDate "2013.11.08"]

1. e4 c6 2. d4 d5 3. Nc3 dxe4 4. Nxe4 Bf5 5. Ng3 Bg6 6. h4 h6 7. Nf3 Nd7 8. h5
Bh7 9. Bd3 Bxd3 10. Qxd3 e6 11. Bd2 Ngf6 12. O-O-O Qc7 13. Ne4 Be7 14. Kb1 Rd8
15. Nxf6+ Nxf6 16. Qe2 c5 17. dxc5 Qxc5 18. Ne5 Rd4 19. f3 O-O 20. g4 Rc8 21. c3
Rd5 22. Rhe1 Qb6 23. c4 Rdd8 24. Bc3 Bb4 25. Bxb4 Qxb4 26. a3 Qb6 27. Ka2 a5 28.
Rxd8+ Rxd8 29. Rd1 Rd6 30. Qc2 Qd8 31. Rxd6 Qxd6 32. Qc3 Qc5 33. Nd3 Qe3 34. Ne5
Qc5 35. Kb3 b5 36. cxb5 Qxb5+ 37. Ka2 Qd5+ 38. Kb1 Ne8 39. Qc6 Qd1+ 40. Qc1 Qd8
41. Qc3 Nf6 42. Qb3 Qd6 43. Qc3 Qd8 44. Qb3 Qd6 45. Qc3 1/2-1/2

[Event "10th European Teams w"]
[Site "Warsaw POL"]
[Date "2013.11.08"]
[Round "1.6"]
[White "Danielian, Elina"]
[Black "Franciskovic, Borka"]
[Result "1/2-1/2"]
[WhiteTitle "GM"]
[BlackTitle "WIM"]
[WhiteElo "2457"]
[BlackElo "2263"]
[WhiteTeam "Armenia"]
[BlackTeam "Croatia"]
[WhiteFideId "13300210"]
[BlackFideId "14507943"]
[EventDate "2013.11.08"]

1. d4 Nf6 2. Nf3 e6 3. e3 c5 4. c4 cxd4 5. exd4 d5 6. Nc3 Be7 7. cxd5 exd5 8.
Bd3 O-O 9. O-O Nc6 10. h3 Be6 11. Re1 Re8 12. Bf4 Rc8 13. Rc1 a6 14. Bb1 Nd7 15.
Qd2 Nf8 16. Ng5 Bf6 17. Be3 Bxd4 18. Bxd4 Nxd4 19. Nxe6 Nfxe6 20. Rcd1 Nc6 21.
Nxd5 Nf8 22. Rxe8 Qxe8 23. Re1 Qd8 24. Bf5 Rb8 25. a3 Kh8 26. Rd1 Qd6 27. Qc2
Rd8 28. Ne3 Qf6 29. Rxd8 Qxd8 30. Be4 Qd6 31. Bxc6 bxc6 32. Qc4 Ne6 33. Qxa6 g6
34. Qc4 Qe5 35. Qb4 c5 36. Qb7 Kg7 37. a4 Nf4 38. a5 Ne2+ 39. Kh1 Qd4 40. Qb3
Qd2 41. Qd1 Qxb2 42. a6 Nd4 43. Qf1 Qa2 44. Kh2 Ne2 45. Nc4 Qxc4 46. Qa1+ f6 47.
a7 Qf4+ 48. Kh1 Qxf2 49. a8=Q Ng3+ 50. Kh2 Nf1+ 51. Kh1 Ng3+ 52. Kh2 1/2-1/2

[Event "10th European Teams w"]
[Site "Warsaw POL"]
[Date "2013.11.08"]
[Round "1.6"]
[White "Galojan, Lilit"]
[Black "Saric, Kristina"]
[Result "1-0"]
[WhiteTitle "IM"]
[BlackTitle "WIM"]
[WhiteElo "2301"]
[BlackElo "2250"]
[WhiteTeam "Armenia"]
[BlackTeam "Croatia"]
[WhiteFideId "13301314"]
[BlackFideId "14507323"]
[EventDate "2013.11.08"]

1. d4 Nf6 2. c4 e6 3. Nc3 Bb4 4. e3 O-O 5. Ne2 d5 6. a3 Be7 7. cxd5 exd5 8. b4
c6 9. Ng3 a5 10. b5 Be6 11. Bd3 Nbd7 12. O-O Re8 13. Bd2 c5 14. Na4 c4 15. Bc2
Qc7 16. Qe1 Bd6 17. f3 h5 18. f4 Nf8 19. Nc3 Qe7 20. f5 Bd7 21. Bd1 h4 22. Nh5
Nxh5 23. Bxh5 Qg5 24. Bf3 Bxf5 25. Bxd5 h3 26. g3 Be6 27. Bxb7 Rab8 28. Bc6 Bd7
29. e4 Qd8 30. Qf2 f6 31. Bd5+ Be6 32. Bc6 Re7 33. Nd5 Rf7 34. Nf4 Qe7 35. Bxa5
Bxa3 36. Bc3 Bd6 37. Nxe6 Nxe6 38. Qe2 Bb4 39. Qxc4 1-0